|
|
|
|
| LEADER |
00000cam a2200000 7i4500 |
| 001 |
0000001890 |
| 005 |
20020328.0 |
| 090 |
0 |
0 |
|a 332.644
|b INT 1986
|
| 110 |
1 |
0 |
|a INTERNATIONAL Seminar on Commodities
|k 1986
|j Kuala Lumpur
|
| 245 |
1 |
0 |
|a Proceedings of the International Seminar on Commodities :
|b declining commodity prices : strategies and approaches for developing countries, 21-25 July 1986, Kuala Lumpur
|
| 260 |
0 |
0 |
|a Kuala Lumpur :
|b Ministry of Primary Industries Malaysia ,
|c 1986
|
| 300 |
|
|
|a v. ;
|c 27 cm.
|
| 650 |
0 |
0 |
|a Commodity exchanges
|z Developing countries
|x Congresses
|
| 650 |
0 |
0 |
|a Commodity futures
|z Developing countries
|x Congresses
|
| 998 |
|
|
|a JPSM
|
| 999 |
|
|
|a 0000002993
|b Monograph
|c Open Shelf
|e Default branch
|